000 00526nam a2200181Ia 4500
005 20250508163406.0
008 008 250505s9999 xx 000 0 eng d
037 _aBooks to be hide in OPAC
040 _aFEDL
_beng
_cFEDL
041 _aeng
_2eng
084 _a551.302, CLA/O
_qFEDL
100 _aClark John A and others
_9775254
245 0 _aWeather and the earth
260 _aLondon, UK
_bLongmans, Green and Co.
_c1954
300 _a80p.
942 _cHB
_h551.302, CLA/O
999 _c1382778
_d1382778